000 01372nam a22003977a 4500
003 CHAP
005 20220817042824.0
008 971013s1982 r 00010 d
010 _a56800
011 _a57772
035 _a61927
040 _cCHAP
090 _aFolleto 9404
100 0 0 _aSchucking, Rainer Godau.
_9103202
245 _aBurocracia pública y empresa privada
_b: el caso de la industrialización mexicana
260 _aAustin :
_bILAS,
_c1982
300 _a20 p.
490 _aTecnical papers series
_v; 35
590 _aBATCH-UPD
_b10
_c20130110
_lUCH01
_h0234
590 _aBATCH-UPD
_b10
_c20130110
_lUCH01
_h1601
590 _aBATCH-UPD
_b10
_c20130409
_lUCH01
_h2258
590 _aBATCH-UPD
_b10
_c20130410
_lUCH01
_h1143
590 _aBATCH-UPD
_b10
_c20130914
_lUCH01
_h0757
590 _aBATCH-UPD
_b10
_c20161124
_lUCH01
_h1710
590 _aCONVERSION
_b10
_c20130109
_lUCH01
_h1331
650 1 4 _aBurocracia.
_916256
650 1 4 _aIndustrialización.
_957923
650 1 4 _aMéxico
_xCondiciones económicas.
651 4 _aMéxico
_xPolítica y gobierno.
_976783
700 0 _aMárquez, Viviane B.
_976369
710 0 _aUniversity of Texas at Austin. Institute of Latin American Studies.
_9116764
830 0 _aTecnical papers series
_v; 35
_9111936
901 _aBK
942 _cFOLL
949 _aFolleto 9404
_bBC
_cFOLL
_d-132872
_eTS1
_i61927
_mD
_si
999 _c56800
_d56800